000 00655nam a2200277Ia 4500
005 20260324114705.0
008 008 260324s9999 xx 000 0 eng d
020 _a9780429470806
037 _aEBOOK
040 _aCRL
040 _beng
040 _cCRL
041 _2eng
041 _aeng
084 _qCRL
100 _aKeith Attenborough; Timothy Van Renterghem
_91151774
245 0 _aPredicting Outdoor Sound
260 _bTaylor and Francis
260 _c2021
365 _a
365 _b385
856 _uhttp://www.taylorfrancis.com/books/9780429470806
942 _cEBOOK
999 _c1742101
_d1742101